000 00630nam a2200205Ia 4500
008 191130s2006##################000#0#eng##
020 _a9780851990149
022 _a2005012005
040 _aACL
_cACL
082 _a639.3774 ELS
245 _aTilapia culture
_cAbdel-Fattah M. El-Sayed
260 _aWallingford, UK ; Cambridge, MA
_bCABI Publishing
_cc2006
300 _axvi, 277 p. : ill. ; 25 cm.
500 _aIncludes bibliographical references (p. 216-261) and indexes
650 _aTilapia
700 _aEl-Sayed, Abdel-Fattah M
990 _a4dcecdd8ac10000c6025dfad496cbff4
991 _a293611
999 _c79187
_d79187